[Event "BCF-ch Soanes op"]
[Site "Coventry"]
[Date "2015.08.02"]
[Round "5"]
[White "Taylor, Robert"]
[Black "Gilbert, David J"]
[Result "1-0"]
[WhiteElo "149"]
[BlackElo "1673"]
[PlyCount "73"]
[EventDate "2015.07.31"]
[EventType "swiss"]
[EventRounds "5"]
[EventCountry "ENG"]
[SourceTitle "CBM 167 Extra"]
[Source "ChessBase"]
[SourceDate "2015.09.14"]
[SourceVersion "1"]
[SourceVersionDate "2015.09.14"]
[SourceQuality "1"]

1. c4 e5 2. Nc3 Nf6 3. g3 Bc5 4. Bg2 Nc6 5. e3 0-0 6. Nge2 d6 7. 0-0 Bg4 8. f3 Bh5 9. d4 exd4 10. exd4 Bb6 11. Kh1 Qd7 12. Bg5 Qf5 13. Bxf6 Qxf6 14. Nd5 Qh6 15. b4 a5 16. Nxb6 cxb6 17. b5 Nd8 18. Nf4 Rc8 19. Rc1 Qg5 20. Nd5 Rxc4 21. Ne7+ Qxe7 22. Rxc4 d5 23. Rc1 Ne6 24. Re1 Qb4 25. Re5 Bg6 26. Rxd5 Qa3 27. f4 f5 28. Re5 Bh5 29. Qd2 Nxd4 30. Re3 Qa4 31. Bd5+ Kh8 32. Rc4 Qxb5 33. Qxd4 Qb1+ 34. Kg2 Qxa2+ 35. Kf1 Bg4 36. Qxg7+ Kxg7 37. Rc7+ 1-0

[Event "BCF-chT3 0708 (4NCL)"]
[Site "Sunningdale"]
[Date "2007.11.10"]
[Round "3.5"]
[White "Freeman, Richard"]
[Black "Taylor, Robert"]
[Result "0-1"]
[WhiteElo "2097"]
[BlackElo "2203"]
[PlyCount "80"]
[EventDate "2007.09.15"]
[EventType "team-tourn"]
[EventRounds "11"]
[EventCountry "ENG"]
[SourceTitle "EXT 2023"]
[Source "ChessBase"]
[SourceDate "2022.10.05"]
[SourceVersion "1"]
[SourceVersionDate "2022.10.05"]
[SourceQuality "1"]
[WhiteTeam "FCA Solutions"]
[BlackTeam "Pandoras Box"]
[WhiteTeamCountry "ENG"]
[BlackTeamCountry "ENG"]

1. d4 Nf6 2. Bg5 e6 3. e3 c5 4. c3 b6 5. Nd2 Be7 6. Ngf3 Bb7 7. Bd3 d6 8. 0-0 Nbd7 9. Qe2 Qc7 10. Rfe1 0-0 11. e4 e5 12. dxe5 dxe5 13. Nf1 Rfe8 14. Ng3 Bf8 15. Rad1 h6 16. Bc1 a6 17. Nf5 c4 18. Bxc4 Bxe4 19. N3h4 b5 20. Bd3 Bxd3 21. Rxd3 e4 22. Rg3 Kh7 23. Nxg7 Bxg7 24. Nf5 Bf8 25. Nxh6 Qxg3 26. hxg3 Bxh6 27. Bxh6 Kxh6 28. Qe3+ Kg6 29. Qf4 Ne5 30. g4 Nexg4 31. Rd1 Rad8 32. Rd4 Rxd4 33. cxd4 e3 34. fxe3 Rxe3 35. g3 Re1+ 36. Kg2 Ne3+ 37. Kf2 Rf1+ 38. Kxe3 Nd5+ 39. Ke2 Rxf4 40. gxf4 Nxf4+ 0-1

[Event "BCF-chT3 0506 (4NCL)"]
[Site "Birmingham"]
[Date "2006.05.01"]
[Round "11.4"]
[White "Taylor, Robert"]
[Black "Taylor Bowd, Philip J"]
[Result "1/2-1/2"]
[WhiteElo "2203"]
[BlackElo "2063"]
[PlyCount "77"]
[EventDate "2005.10.22"]
[EventType "team-tourn"]
[EventRounds "11"]
[EventCountry "ENG"]
[SourceTitle "EXT 2007"]
[Source "ChessBase"]
[SourceDate "2006.11.23"]
[SourceVersion "1"]
[SourceVersionDate "2006.11.23"]
[SourceQuality "1"]
[WhiteTeam "Slough Sharks II"]
[BlackTeam "Wessex II"]
[WhiteTeamCountry "ENG"]
[BlackTeamCountry "ENG"]

1. e4 d6 2. d4 Nf6 3. Bd3 e5 4. c3 d5 5. dxe5 Nxe4 6. Be3 Nc5 7. Bc2 Nc6 8. f4 a5 9. Na3 Ne6 10. Nb5 d4 11. Nxd4 Ncxd4 12. cxd4 Bb4+ 13. Kf2 g5 14. f5 Ng7 15. a3 Bf8 16. f6 Nf5 17. Be4 c6 18. Ne2 Nxe3 19. Kxe3 Qb6 20. Qd2 Be6 21. Kf3 g4+ 22. Kg3 h5 23. h4 gxh3 24. gxh3 Bh6 25. Qc3 Rg8+ 26. Kh2 0-0-0 27. Rhg1 Kb8 28. Rad1 Qb5 29. Bf3 Bc4 30. Rxg8 Rxg8 31. Rg1 Rxg1 32. Nxg1 Bf4+ 33. Kg2 h4 34. Be4 Bf1+ 35. Kh1 Bg3 36. Bg2 Bc4 37. Be4 Bf1 38. Bg2 Bc4 39. Be4 1/2-1/2

[Event "BCF-chT3 0506 (4NCL)"]
[Site "Birmingham"]
[Date "2006.04.29"]
[Round "9.1"]
[White "Jenks, Chris Bruce"]
[Black "Taylor, Robert"]
[Result "1/2-1/2"]
[WhiteElo "2120"]
[BlackElo "2203"]
[PlyCount "99"]
[EventDate "2005.10.22"]
[EventType "team-tourn"]
[EventRounds "11"]
[EventCountry "ENG"]
[SourceTitle "EXT 2007"]
[Source "ChessBase"]
[SourceDate "2006.11.23"]
[SourceVersion "1"]
[SourceVersionDate "2006.11.23"]
[SourceQuality "1"]
[WhiteTeam "Wessex II"]
[BlackTeam "Slough Sharks III"]
[WhiteTeamCountry "ENG"]
[BlackTeamCountry "ENG"]

1. d4 Nf6 2. Bf4 e6 3. e3 c5 4. c3 Nc6 5. Nd2 d6 6. Ngf3 Be7 7. h3 a6 8. a4 b6 9. Bd3 Qc7 10. 0-0 0-0 11. Qc2 Bb7 12. Ng5 h6 13. Nge4 Nxe4 14. Nxe4 e5 15. dxe5 dxe5 16. Bh2 Rad8 17. Qe2 Qc8 18. Rad1 f5 19. Nd2 e4 20. Bc2 Na5 21. g4 c4 22. gxf5 Qxf5 23. Nxc4 Qxh3 24. Rxd8 Bxd8 25. Nxa5 bxa5 26. Bxe4 Bxe4 27. Qc4+ Kh8 28. Qxe4 Rf5 29. Bg3 Bf6 30. Rd1 h5 31. Rd5 Rxd5 32. Qxd5 h4 33. Qh5+ Kg8 34. Bf4 Qd7 35. Qxa5 Qd1+ 36. Kg2 Qg4+ 37. Kh2 Qf3 38. Qxa6 Qxf2+ 39. Kh1 Qf3+ 40. Kg1 Qd1+ 41. Kf2 Qc2+ 42. Qe2 Qxa4 43. Qd3 Qb3 44. Qe2 Qa4 45. e4 g6 46. Kf3 g5 47. Bh2 Qd7 48. e5 Qf5+ 49. Kg2 Be7 50. Bg1 1/2-1/2

[Event "BCF-chT3 0506 (4NCL)"]
[Site "Birmingham"]
[Date "2005.11.19"]
[Round "3.3"]
[White "Therrien, Alex L"]
[Black "Taylor, Robert"]
[Result "0-1"]
[WhiteElo "2278"]
[BlackElo "2203"]
[PlyCount "54"]
[EventDate "2005.10.22"]
[EventType "team-tourn"]
[EventRounds "11"]
[EventCountry "ENG"]
[SourceTitle "EXT 2007"]
[Source "ChessBase"]
[SourceDate "2006.11.23"]
[SourceVersion "1"]
[SourceVersionDate "2006.11.23"]
[SourceQuality "1"]
[WhiteTeam "Hilsmark Kingfisher II"]
[BlackTeam "Slough Sharks II"]
[WhiteTeamCountry "ENG"]
[BlackTeamCountry "ENG"]

1. d4 Nf6 2. c4 g6 3. Nc3 Bg7 4. e4 d6 5. Nf3 0-0 6. Be2 e5 7. Be3 Nc6 8. d5 Ne7 9. Nd2 Nd7 10. 0-0 f5 11. f3 f4 12. Bf2 g5 13. b4 Nf6 14. Kh1 Ng6 15. c5 Rf7 16. Nc4 Bf8 17. cxd6 cxd6 18. Nb5 g4 19. Bxa7 Rxa7 20. Nxa7 Bd7 21. a4 g3 22. h3 Bxh3 23. gxh3 Qd7 24. Rf2 Qxh3+ 25. Kg1 gxf2+ 26. Kxf2 Qg3+ 27. Kf1 Nxe4 0-1

[Event "BCF-chT3 0506 (4NCL)"]
[Site "Birmingham"]
[Date "2005.10.22"]
[Round "1.1"]
[White "Taylor, Robert"]
[Black "Gourlay, Iain"]
[Result "1-0"]
[WhiteElo "2203"]
[BlackElo "2363"]
[PlyCount "73"]
[EventDate "2005.10.22"]
[EventType "team-tourn"]
[EventRounds "11"]
[EventCountry "ENG"]
[SourceTitle "EXT 2007"]
[Source "ChessBase"]
[SourceDate "2006.11.23"]
[SourceVersion "1"]
[SourceVersionDate "2006.11.23"]
[SourceQuality "1"]
[WhiteTeam "Slough Sharks III"]
[BlackTeam "Slough Sharks II"]
[WhiteTeamCountry "ENG"]
[BlackTeamCountry "ENG"]

1. e4 c5 2. Nc3 Nc6 3. f4 g6 4. Nf3 Bg7 5. Bb5 Nd4 6. 0-0 e6 7. e5 a6 8. Bd3 f5 9. b4 Nxf3+ 10. Qxf3 cxb4 11. Ne2 Ne7 12. Bb2 d6 13. Rae1 dxe5 14. Bxe5 Bxe5 15. fxe5 Nc6 16. Qe3 0-0 17. Qg3 Qc7 18. Nf4 Nxe5 19. Nxe6 Qb6+ 20. Kh1 Bxe6 21. Rxe5 Bxa2 22. Rfe1 Bf7 23. Rxf5 Rae8 24. Ref1 Ba2 25. Rxf8+ Rxf8 26. Rxf8+ Kxf8 27. Qb8+ Kg7 28. Qe5+ Qf6 29. Qc7+ Kh6 30. h3 Bd5 31. Qc5 Qa1+ 32. Kh2 Qe5+ 33. g3 Qe6 34. Qf8+ Kh5 35. Qd8 g5 36. g4+ Kh4 37. Qc7 1-0

[Event "Caleta Challengers1"]
[Site "Caleta"]
[Date "2005.01.26"]
[Round "2"]
[White "Gonzalez Amaya, Milan"]
[Black "Taylor, Robert"]
[Result "0-1"]
[WhiteElo "1931"]
[BlackElo "2195"]
[PlyCount "60"]
[EventDate "2005.01.25"]
[EventType "swiss"]
[EventRounds "5"]
[EventCountry "GGB"]
[SourceTitle "CBM 104 Extra"]
[Source "ChessBase"]
[SourceDate "2005.03.01"]
[SourceVersion "1"]
[SourceVersionDate "2005.03.01"]
[SourceQuality "1"]

1. e4 e5 2. Nf3 Nc6 3. Bb5 a6 4. Ba4 Nf6 5. 0-0 b5 6. Bb3 Be7 7. Re1 d6 8. h3 0-0 9. c3 Bb7 10. d4 h6 11. Nbd2 Re8 12. Nf1 Bf8 13. Ng3 Bc8 14. Nh4 Ne7 15. Qe2 Bd7 16. dxe5 dxe5 17. Be3 Qc8 18. Rad1 c5 19. Qf3 c4 20. Bc2 Qc6 21. Rd2 Kh7 22. Red1 Neg8 23. Nhf5 Re6 24. Nh5 Be8 25. Nhg3 g6 26. Nh4 Be7 27. Qe2 Rc8 28. Nf3 Nd7 29. Nh2 Ngf6 30. Ng4 Nxg4 0-1

[Event "BCF-chT4a 0405 (4NCL)"]
[Site "Telford"]
[Date "2005.01.15"]
[Round "3.1"]
[White "Wilcox, Charlotte"]
[Black "Taylor, Robert"]
[Result "1/2-1/2"]
[WhiteElo "1920"]
[BlackElo "2195"]
[PlyCount "59"]
[EventDate "2004.11.06"]
[EventType "team-tourn"]
[EventRounds "11"]
[EventCountry "ENG"]
[SourceTitle "EXT 2006"]
[Source "ChessBase"]
[SourceDate "2005.11.24"]
[SourceVersion "1"]
[SourceVersionDate "2005.11.24"]
[SourceQuality "1"]
[WhiteTeam "The ADS"]
[BlackTeam "Slough Sharks II"]
[WhiteTeamCountry "ENG"]
[BlackTeamCountry "ENG"]

1. e4 c6 2. Nc3 d5 3. Nf3 dxe4 4. Nxe4 Bg4 5. h3 Bh5 6. Ng3 Bxf3 7. Qxf3 Qd5 8. Qxd5 cxd5 9. Bb5+ Nc6 10. d4 e6 11. Bxc6+ bxc6 12. Bf4 Nf6 13. 0-0 Kd7 14. Rfe1 Be7 15. Rad1 Rhc8 16. b3 Ke8 17. c3 c5 18. Be5 cxd4 19. Bxd4 Kf8 20. Nf1 Bc5 21. Bxf6 gxf6 22. Rc1 Rc7 23. Ne3 Rac8 24. Rc2 Bxe3 25. Rxe3 d4 26. Rd3 Rxc3 27. Rcxc3 dxc3 28. Rd1 Ke7 29. Kf1 Rc5 30. Rc1 1/2-1/2

[Event "Coventry op 1st"]
[Site "Coventry"]
[Date "2004.04.16"]
[Round "1"]
[White "Taylor, Robert"]
[Black "Hebden, Mark"]
[Result "0-1"]
[WhiteElo "2175"]
[BlackElo "2544"]
[PlyCount "46"]
[EventDate "2004.04.16"]
[EventType "swiss"]
[EventRounds "5"]
[EventCountry "ENG"]
[SourceTitle "CBM 099 Extra"]
[Source "ChessBase"]
[SourceDate "2004.05.04"]
[SourceVersion "1"]
[SourceVersionDate "2004.05.04"]
[SourceQuality "1"]

1. e4 e5 2. Nf3 Nc6 3. c3 d5 4. Bb5 dxe4 5. Nxe5 Qd5 6. Bxc6+ bxc6 7. d4 Bd6 8. Qa4 Ne7 9. Be3 Qb5 10. Qxb5 cxb5 11. f3 f6 12. Ng4 exf3 13. gxf3 Bb7 14. Nd2 h5 15. Nf2 Nf5 16. 0-0 0-0-0 17. Rae1 Rhe8 18. Nfe4 Nxe3 19. Rxe3 Bf4 20. Rd3 f5 21. Ng3 g6 22. Kf2 c5 23. Ne2 Rxe2+ 0-1

[Event "BCF-chT2 0304 (4NCL)"]
[Site "West Bromwich"]
[Date "2004.01.18"]
[Round "4.2"]
[White "Taylor, Robert"]
[Black "Byway, Paul V"]
[Result "1-0"]
[WhiteElo "2175"]
[BlackElo "2213"]
[PlyCount "101"]
[EventDate "2003.11.17"]
[EventType "team-tourn"]
[EventRounds "11"]
[EventCountry "ENG"]
[SourceTitle "EXT 2005"]
[Source "ChessBase"]
[SourceDate "2004.11.15"]
[SourceVersion "1"]
[SourceVersionDate "2004.11.15"]
[SourceQuality "1"]
[WhiteTeam "Numerica 3CS II"]
[BlackTeam "Poisoned Pawns"]
[WhiteTeamCountry "ENG"]
[BlackTeamCountry "ENG"]

1. e4 c5 2. Nc3 Nc6 3. f4 e6 4. Nf3 d5 5. Bb5 Nf6 6. e5 Nd7 7. Bxc6 bxc6 8. d3 Be7 9. 0-0 0-0 10. Ne2 f6 11. Qe1 Qe8 12. Ng3 Nb6 13. a4 d4 14. b3 Nd5 15. exf6 Nxf6 16. Ne5 Nd5 17. Ne4 Nb4 18. Qe2 a5 19. g3 Ra7 20. Ba3 Ra6 21. Rae1 Qd8 22. Qg2 Qd5 23. h4 Ra7 24. Bc1 Bf6 25. Nc4 Bd8 26. Qh2 Ba6 27. Re2 Be7 28. Rfe1 Bxc4 29. bxc4 Qf5 30. Nf2 Rb7 31. h5 Na2 32. Bd2 Nb4 33. Bxb4 Rxb4 34. Rxe6 Bd8 35. R1e5 Rb1+ 36. Kg2 Qf7 37. Ne4 Rc1 38. Kf3 Qb7 39. Nd6 Qb1 40. Re8 Rf1+ 41. Kg4 g5 42. h6 Qd1+ 43. Qe2 R1xf4+ 44. gxf4 Qg1+ 45. Kh3 Qh1+ 46. Qh2 Qf1+ 47. Qg2 g4+ 48. Kh2 Qxf4+ 49. Kg1 Qc1+ 50. Re1 Qxh6 51. Qxg4+ 1-0

[Event "BCF-ch"]
[Site "Edinburgh"]
[Date "2003.07.25"]
[Round "11"]
[White "Ahmed, Sk Nasir"]
[Black "Taylor, Robert"]
[Result "1-0"]
[WhiteElo "2283"]
[BlackElo "2169"]
[PlyCount "67"]
[EventDate "2003.07.14"]
[EventType "swiss"]
[EventRounds "11"]
[EventCountry "SCO"]
[SourceTitle "CBM 095 Extra"]
[Source "ChessBase"]
[SourceDate "2003.09.04"]
[SourceVersion "1"]
[SourceVersionDate "2003.09.04"]
[SourceQuality "1"]

1. e4 c5 2. Nc3 e6 3. Nf3 Nc6 4. d4 cxd4 5. Nxd4 d6 6. g3 Nf6 7. Bg2 Be7 8. 0-0 0-0 9. Kh1 Bd7 10. Nb3 a6 11. a4 Qc7 12. f4 Rac8 13. g4 d5 14. e5 Ne8 15. Be3 Nb4 16. a5 f6 17. Bb6 Qb8 18. Qe2 fxe5 19. fxe5 Rxf1+ 20. Rxf1 Nc7 21. Nc5 Be8 22. Qf2 Bg6 23. Nd7 Qa8 24. Bc5 Bxc5 25. Qxc5 Nc6 26. Nb6 Qb8 27. Nxc8 Qxc8 28. b4 Nxe5 29. b5 Nd7 30. Qd6 Nf6 31. g5 Nce8 32. Qb4 Nd7 33. Nxd5 Qxc2 34. Qf8+ 1-0

[Event "BCF-ch"]
[Site "Edinburgh"]
[Date "2003.07.17"]
[Round "4"]
[White "Taylor, Robert"]
[Black "Gourlay, Iain"]
[Result "1-0"]
[WhiteElo "2169"]
[BlackElo "2284"]
[PlyCount "67"]
[EventDate "2003.07.14"]
[EventType "swiss"]
[EventRounds "11"]
[EventCountry "SCO"]
[SourceTitle "CBM 095 Extra"]
[Source "ChessBase"]
[SourceDate "2003.09.04"]
[SourceVersion "1"]
[SourceVersionDate "2003.09.04"]
[SourceQuality "1"]

1. e4 c5 2. Nc3 Nc6 3. f4 g6 4. Nf3 Bg7 5. Bb5 Nd4 6. 0-0 Nxb5 7. Nxb5 d5 8. e5 a6 9. Nc3 Bg4 10. d4 cxd4 11. Qxd4 e6 12. Qb4 Bxf3 13. Rxf3 b5 14. Be3 Rc8 15. Qa3 Rc6 16. Ne2 Bf8 17. Qd3 Bc5 18. a4 Qa5 19. Bxc5 Rxc5 20. Nd4 Rc4 21. b3 Rc8 22. b4 Qxb4 23. axb5 axb5 24. Nxb5 Kf8 25. Nd6 Qc5+ 26. Kh1 Rb8 27. f5 gxf5 28. g4 Ne7 29. gxf5 Nxf5 30. Nxf5 exf5 31. Qxf5 Qe7 32. e6 Rg8 33. Qf4 Qb7 34. Qh6+ 1-0

[Event "BCF-ch"]
[Site "Edinburgh"]
[Date "2003.07.16"]
[Round "3"]
[White "Gwaze, Robert"]
[Black "Taylor, Robert"]
[Result "1-0"]
[WhiteElo "2335"]
[BlackElo "2169"]
[PlyCount "157"]
[EventDate "2003.07.14"]
[EventType "swiss"]
[EventRounds "11"]
[EventCountry "SCO"]
[SourceTitle "CBM 095 Extra"]
[Source "ChessBase"]
[SourceDate "2003.09.04"]
[SourceVersion "1"]
[SourceVersionDate "2003.09.04"]
[SourceQuality "1"]

1. e4 c6 2. d4 d5 3. Nc3 dxe4 4. Nxe4 Nd7 5. Nf3 Ngf6 6. Ned2 c5 7. c3 e6 8. Bd3 Be7 9. 0-0 0-0 10. Qe2 b6 11. Nc4 Ba6 12. a4 Rc8 13. a5 bxa5 14. Nxa5 Bxd3 15. Qxd3 cxd4 16. Nxd4 Ne5 17. Qe2 Qd5 18. Rd1 Ng6 19. Ndc6 Qf5 20. Nxa7 Rc7 21. Nb5 Rc5 22. Nd4 Qd5 23. Ndb3 Qe5 24. Qxe5 Rxe5 25. Nc6 Rb5 26. Nbd4 Rb7 27. Nxe7+ Nxe7 28. Nc2 h6 29. Nb4 Rc8 30. Kf1 Nf5 31. Bf4 g5 32. Bd2 Kg7 33. Be1 Ne4 34. Ke2 g4 35. f3 gxf3+ 36. Kxf3 Ng5+ 37. Ke2 Rc4 38. Bf2 Re4+ 39. Kf1 Rf4 40. g3 Ne3+ 41. Ke2 Nxd1 42. Rxd1 Rbxb4 43. cxb4 Rxb4 44. Bd4+ Kg6 45. Bc3 Rb3 46. Rd4 f6 47. Rb4 Rxb4 48. Bxb4 Kf5 49. Bd2 Nf7 50. b4 h5 51. b5 Nd6 52. b6 Ke4 53. Kf2 e5 54. Kg2 Kf5 55. Bb4 Nb7 56. Kf3 Nd8 57. Ke3 Ke6 58. Kd3 Nc6 59. Bf8 Kd5 60. Ke3 Na5 61. Kf3 f5 62. Kg2 Kc6 63. Kh3 f4 64. g4 hxg4+ 65. Kxg4 Nc4 66. Bc5 Nb2 67. h4 Nd3 68. Bg1 e4 69. Bd4 f3 70. Kg3 Nc1 71. Be3 Ne2+ 72. Kg4 Nc3 73. Bd4 Nd5 74. h5 f2 75. Bxf2 e3 76. Bxe3 Nxe3+ 77. Kg5 Nc4 78. h6 Nd6 79. Kg6 1-0

[Event "BCF-chT3 0203 (4NCL)"]
[Site "West Bromwich"]
[Date "2003.05.24"]
[Round "9.1"]
[White "Taylor, Robert"]
[Black "Rudd, Jack"]
[Result "0-1"]
[WhiteElo "2165"]
[BlackElo "2171"]
[PlyCount "96"]
[EventDate "2002.11.??"]
[EventType "team-tourn"]
[EventRounds "11"]
[EventCountry "ENG"]
[SourceTitle "EXT 2004"]
[Source "ChessBase"]
[SourceDate "2003.11.25"]
[SourceVersion "1"]
[SourceVersionDate "2003.11.25"]
[SourceQuality "1"]
[WhiteTeam "Numerica 3CS II"]
[BlackTeam "Bristol II"]
[WhiteTeamCountry "ENG"]
[BlackTeamCountry "ENG"]

1. e4 e6 2. d4 d5 3. Nc3 Nf6 4. exd5 Nxd5 5. Ne4 Be7 6. Nf3 0-0 7. Be2 b6 8. 0-0 Bb7 9. Ng3 c5 10. c4 Nf6 11. b3 Qc7 12. dxc5 Bxc5 13. Bb2 Nbd7 14. Qc2 Rad8 15. a3 Bxf3 16. Bxf3 Ne5 17. Bxe5 Qxe5 18. b4 Bd4 19. Rad1 Qc7 20. Ne2 Be5 21. g3 Nd7 22. Be4 g6 23. f4 Bg7 24. Bf3 b5 25. c5 a6 26. Qb3 e5 27. Bd5 exf4 28. Nxf4 Ne5 29. Nd3 Ng4 30. Nf2 Ne5 31. Ne4 Kh8 32. Nd6 f5 33. Bg2 h5 34. Qd5 Qe7 35. Rde1 Kh7 36. Qb7 Rd7 37. Qxa6 Rb8 38. a4 h4 39. axb5 hxg3 40. Qa3 gxh2+ 41. Kh1 Qh4 42. Re3 Qd4 43. Rh3+ Bh6 44. Qc1 Ng4 45. Rf4 Rxd6 46. cxd6 Rc8 47. Qe1 Qxf4 48. Qe7+ Kh8 0-1

[Event "BCF-chT3 0203 (4NCL)"]
[Site "West Bromwich"]
[Date "2002.11.09"]
[Round "1.2"]
[White "Taylor, Robert"]
[Black "Burnett, Jim"]
[Result "1/2-1/2"]
[WhiteElo "2165"]
[BlackElo "2187"]
[PlyCount "50"]
[EventDate "2002.11.??"]
[EventType "team-tourn"]
[EventRounds "11"]
[EventCountry "ENG"]
[SourceTitle "EXT 2004"]
[Source "ChessBase"]
[SourceDate "2003.11.25"]
[SourceVersion "1"]
[SourceVersionDate "2003.11.25"]
[SourceQuality "1"]
[WhiteTeam "Numerica 3CS II"]
[BlackTeam "White Rose II"]
[WhiteTeamCountry "ENG"]
[BlackTeamCountry "ENG"]

1. e4 d5 2. exd5 Qxd5 3. Nf3 Nf6 4. d4 Bg4 5. Be2 e6 6. 0-0 Be7 7. Be3 0-0 8. h3 Bh5 9. c4 Qd8 10. Qb3 Qc8 11. g4 Bg6 12. Ne5 Nbd7 13. Nxg6 hxg6 14. Bf3 c6 15. Bf4 Bd8 16. Nc3 Bc7 17. Be3 Re8 18. Rfd1 e5 19. d5 Bb6 20. dxc6 bxc6 21. g5 Bxe3 22. fxe3 Nc5 23. Qa3 Qxh3 24. Qxc5 Qxf3 25. gxf6 Qg3+ 1/2-1/2

[Event "Guernsey Holiday op"]
[Site "Guernsey"]
[Date "2002.10.23"]
[Round "4"]
[White "Smith, Paul S"]
[Black "Taylor, Robert"]
[Result "0-1"]
[WhiteElo "1592"]
[BlackElo "1656"]
[PlyCount "66"]
[EventDate "2002.10.20"]
[EventType "swiss"]
[EventRounds "7"]
[EventCountry "GCI"]
[SourceTitle "EXT 2004"]
[Source "ChessBase"]
[SourceDate "2003.11.25"]
[SourceVersion "1"]
[SourceVersionDate "2003.11.25"]
[SourceQuality "1"]

1. d4 d5 2. Nf3 Bg4 3. Nbd2 Nf6 4. e3 e6 5. Bd3 Nbd7 6. h3 Bh5 7. 0-0 c6 8. b3 Bd6 9. Bb2 0-0 10. Qc1 Rc8 11. Ne5 Qc7 12. f4 Bg6 13. Nxg6 hxg6 14. Nf3 c5 15. Ne5 Qa5 16. Qe1 Qd8 17. g4 Ne4 18. g5 Nxe5 19. dxe5 Be7 20. Rd1 Qb6 21. Bxe4 dxe4 22. c4 Rfd8 23. Qc3 Qc6 24. Rd6 Qe8 25. Rxd8 Rxd8 26. Qc2 Rd3 27. Bc1 Qd7 28. Kf2 Bd8 29. Ke2 f6 30. exf6 gxf6 31. h4 e5 32. Rd1 Qg4+ 33. Ke1 Qg1+ 0-1

[Event "Guernsey Holiday op"]
[Site "Guernsey"]
[Date "2002.10.22"]
[Round "3"]
[White "Taylor, Robert"]
[Black "Alley, Shaun C"]
[Result "1-0"]
[WhiteElo "1656"]
[BlackElo "1600"]
[PlyCount "43"]
[EventDate "2002.10.20"]
[EventType "swiss"]
[EventRounds "7"]
[EventCountry "GCI"]
[SourceTitle "EXT 2004"]
[Source "ChessBase"]
[SourceDate "2003.11.25"]
[SourceVersion "1"]
[SourceVersionDate "2003.11.25"]
[SourceQuality "1"]

1. d4 Nf6 2. Nf3 g6 3. Bg5 Bg7 4. Nbd2 d5 5. e3 Bg4 6. Bd3 Qd6 7. c3 Nc6 8. Bf4 Qd7 9. h3 Bxf3 10. Qxf3 0-0-0 11. b4 Rhe8 12. b5 Na5 13. Nb3 Nc4 14. a4 e5 15. dxe5 Nxe5 16. Bxe5 Rxe5 17. Nd4 Ne4 18. Rc1 Qe7 19. Qe2 f5 20. 0-0 f4 21. exf4 Ng3 22. Qg4+ 1-0

[Event "BCF-ch 89th"]
[Site "Torquay"]
[Date "2002.08.05"]
[Round "7"]
[White "Ashton, Adam"]
[Black "Taylor, Robert"]
[Result "1/2-1/2"]
[WhiteElo "2152"]
[BlackElo "2195"]
[PlyCount "39"]
[EventDate "2002.07.29"]
[EventType "swiss"]
[EventRounds "11"]
[EventCountry "ENG"]
[SourceTitle "CBM 091"]
[Source "ChessBase"]
[SourceDate "2002.11.12"]
[SourceVersion "1"]
[SourceVersionDate "2002.11.12"]
[SourceQuality "1"]

1. e4 c5 2. Nf3 e6 3. d4 cxd4 4. Nxd4 Nc6 5. Nc3 d6 6. Be2 Be7 7. Be3 Nf6 8. 0-0 0-0 9. f4 e5 10. fxe5 dxe5 11. Nf5 Bxf5 12. Rxf5 Qc8 13. Bd3 Qe6 14. Qf3 Rad8 15. Rf1 Nd4 16. Bxd4 Rxd4 17. Qg3 Nd7 18. Nd5 g6 19. Nxe7+ Qxe7 20. R5f3 1/2-1/2